MODIFIKÁCIA PARCIÁLNE HYDROLYZOVANÉHO DREVA

Podrobná bibliografia
Hlavní autori: Lawniczak, Maciej (Autor), Ladomerský, Juraj, 1948- (Autor), Pajtík, Jozef (Autor)
Médium: Článok
Jazyk:slovenčina

MARC

LEADER 00000nab a2200000 a 4500
001 vtls011124996
003 SK-MaSNL
005 20260304214246.0
008 230222|1989 xo |||||||||||||||||slo|
015 |a SNBRB 
035 |a (uuid)6c2bc4b3-2b11-47e4-a8e1-22ede7e40723 
035 |a (urnnbn)urn:nbn:sk:snk:ar-a098jq 
035 |a urn:nbn:sk:snk-aba198 
040 |a SNKBUCL  |b slo  |c SNKBUCL  |e AACR2 
041 0 |a slo 
044 |a xo  |c SK 
100 1 |a Lawniczak, Maciej  |4 aut  |9 943850 
245 1 0 |a MODIFIKÁCIA PARCIÁLNE HYDROLYZOVANÉHO DREVA  |c Maciej Lawniczak, Juraj Ladomerský, Jozef Pajtík 
700 1 |a Ladomerský, Juraj,  |d 1948-  |4 aut  |9 112509 
700 1 |a Pajtík, Jozef  |4 aut  |9 279380 
773 0 |t Zborník vedeckých prác Drevárskej fakulty Vysokej školy lesníckej a drevárskej vo Zvolene  |g Č. 1 (1989), s. 17-24 
954 |a odborná, vedecká literatúra pôvodná (slovenská)  |2 lita 
958 |a OND 
958 |a EUIPO 
958 |a article13 
999 |c 3140370  |d 3142300